Ultimate Star Wars Quiz - Statistics

General Stats
  • This quiz has been taken 37 times
  • The average score is 10 of 39
Answer Stats
Question Answer % Correct
When was Star Wars first released? 1977
97%
How many arms does Rio Durant have? 4
66%
What color is the armor of the Senate Guards? Blue
59%
Which Jedi ordered the creation of a secret clone army on Kamino? Sifo-Dyas
48%
Where did Ki-Adi-Mundi die? Mygeeto
41%
What species is the lizardlike bounty hunter Bossk? Trandoshan
41%
What Resistance fighter did Zorii Bliss fly in the Battle of Exegol? Y-wing
41%
What is the name of the alien whose podracer wouldn't start at the beginning of the Boonta Eve podrace? Ben Quadinaros
38%
What was the original name for the Skywalker family? Starkiller
38%
Which species stole the plans for the Second Death Star? Bothans
34%
Who is the captain of the Tantive IV? Captain Raymus Antilles
34%
What is the name of the Jedi Master with a snakelike body? Oppo Rancisis
34%
What was the original name for Return of the Jedi? Revenge of the Jedi
34%
Who does EV-9D9 work for? Jabba the Hutt
31%
Who was Kanan Jarrus's master's master? Mace Windu
31%
Which Imperial admiral met his demise after being Force-choked by Darth Vader? Admiral Kendal Ozzel
28%
Why does Kylo Ren's lightsaber blade crackle? Broken kyber crystal
28%
On which Outer Rim world were Luke and Leia born on? Polis Massa
28%
Which Rebellion general led the attack against the Empire on Hoth? General Carlist Rieekan
24%
After the Grand Inquisitor was killed, where did he appear again? Jedi Temple
24%
What is the name of the band that plays at the Mos Eisley Cantina? Modal Nodes
24%
What is the name of the species that guarded Jabba the Hutt's desert skiff? Weequay
24%
Which Tatooine inhabitant informed the Empire of C-3PO and R2-D2's location in A New Hope? Garindan
21%
What does AT-AT stand for? All-Terrain Armored Transport
17%
What fighters did the clone pilots fly during the Battle of Coruscant? ARC-170
17%
On which junk planet did Darth Maul stay on for 11 years after his presumed death? Lotho Minor
17%
What is Yoda's first name? Minch
17%
How many credits did Obi-Wan Kenobi promise Han Solo? 17,000
14%
What is the name of the First Order spy settling in Maz Kanata's castle? Bazine Netal
14%
What is the official theme song of the Resistance? March of the Resistance
14%
What type of TIE Fighter does Kylo Ren pilot in The Last Jedi? TIE Silencer
14%
Who was the captain of the First Order Siege Dreadnought? Captain Moden Canady
10%
What was the name of the arena where the Battle of Geonosis took place? Petranaki Arena
10%
What species is C'ai Threnalli? Abednedo
7%
What is Qi'ra's position in the Crimson Dawn crime syndicate? Lieutenant
7%
What species is Coleman Trebor? Vurk
7%
What is the name of the First Order walkers that attacked the Resistance on Crait? AT-M6
3%
What species is Bistan? Lakaru
3%
On which planet do Poe Dameron and his Resistance crew attempt to evade First Order fighets by lightspeed skipping? Sinta Glacier
3%
No matching quizzes found
Score Distribution
Percent of People with Each Score
Percentile by Number Answered
Your Score History
You have not taken this quiz